ՀՀ Գիտությունների ազգային ակադեմիայի հիմնարար գիտական գրադարան  =   Fundamental Scientific Library of NAS RA

Пьесы / (Record no. 401897)

MARC details
000 -LEADER
fixed length control field 00648nam a22002177a 4500
003 - CONTROL NUMBER IDENTIFIER
control field AM-YeHGA
005 - DATE AND TIME OF LATEST TRANSACTION
control field 20250617153955.0
008 - FIXED-LENGTH DATA ELEMENTS--GENERAL INFORMATION
fixed length control field 180403b xxu||||| |||| 00| 0 rus d
040 ## - CATALOGING SOURCE
Original cataloging agency AM-YeHGA
041 0# - LANGUAGE CODE
Language code of text/sound track or separate title rus
090 ## - LOCALLY ASSIGNED LC-TYPE CALL NUMBER (OCLC); LOCAL CALL NUMBER (RLIN)
-- 404110
245 00 - TITLE STATEMENT
Title Пьесы /
Statement of responsibility, etc. К. Тренев, Вс. Иванов, Н. Погодин и др.
260 ## - PUBLICATION, DISTRIBUTION, ETC.
Place of publication, distribution, etc. Москва :
Name of publisher, distributor, etc. Правда,
Date of publication, distribution, etc. 1947
300 ## - PHYSICAL DESCRIPTION
Extent 384 с.
440 #0 - SERIES STATEMENT/ADDED ENTRY--TITLE
Title Библиотека "Огонек"
653 0# - INDEX TERM--UNCONTROLLED
Uncontrolled term Русская драматургия
700 1# - ADDED ENTRY--PERSONAL NAME
Personal name Тренев, К.
700 1# - ADDED ENTRY--PERSONAL NAME
Personal name Иванов, Всеволод
700 1# - ADDED ENTRY--PERSONAL NAME
Personal name Погодин, Н.
942 ## - ADDED ENTRY ELEMENTS (KOHA)
Source of classification or shelving scheme Universal Decimal Classification
Koha item type Գրքեր / Books
Holdings
Withdrawn status Lost status Damaged status Not for loan Collection Home library Current library Date acquired Total checkouts Full call number Barcode Date last seen Price effective from Koha item type Public note
        General Fundamental Scientific Library Fundamental Scientific Library 03/04/2018   РД III/634 FL0461812 03/04/2018 03/04/2018 Գրքեր / Books 30 Days Loan


ՀՀ ԳԱԱ հիմնարար գիտական գրադարան
ՀՀ,Երևան 0019
Մարշալ Բաղրամյան 24/6
հեռախոս:(374-10) 52-47-50
Հետադարձ կապ

All site content, except where otherwise noted, is licensed under a
Creative Commons License